Методы прогнозирования финансового состояния нефтегазовой компании; Проблемы геологии и освоения недр; Т. 2
| Parent link: | Проблемы геологии и освоения недр: труды XIX Международного симпозиума имени академика М. А. Усова студентов и молодых ученых, посвященного 70-летнему юбилею Победы советского народа над фашистской Германией, Томск, 6-10 апреля 2015 г./ Национальный исследовательский Томский политехнический университет (ТПУ), Институт природных ресурсов (ИПР) ; Общество инженеров-нефтяников, международная некоммерческая организация, Студенческий чаптер ; под ред. А. Ю. Дмитриева.— , 2015 Т. 2.— [С. 664-670] |
|---|---|
| Autor Principal: | |
| Autor Corporativo: | |
| Outros autores: | |
| Summary: | Заглавие с экрана |
| Idioma: | ruso |
| Publicado: |
|
| Series: | Экономика минерального и углеводорного сырья. Горное право |
| Subjects: | |
| Acceso en liña: | http://earchive.tpu.ru/handle/11683/22982 http://www.lib.tpu.ru/fulltext/c/2015/C11/V2/303.pdf |
| Formato: | Electrónico Capítulo de libro |
| KOHA link: | https://koha.lib.tpu.ru/cgi-bin/koha/opac-detail.pl?biblionumber=615617 |
MARC
| LEADER | 00000naa2a2200000 4500 | ||
|---|---|---|---|
| 001 | 615617 | ||
| 005 | 20231101132852.0 | ||
| 035 | |a (RuTPU)RU\TPU\conf\13816 | ||
| 035 | |a RU\TPU\conf\13815 | ||
| 090 | |a 615617 | ||
| 100 | |a 20151112d2015 k y0rusy50 ca | ||
| 101 | 0 | |a rus | |
| 102 | |a RU | ||
| 105 | |a y z 100zy | ||
| 135 | |a drcn ---uucaa | ||
| 181 | 0 | |a i | |
| 182 | 0 | |a b | |
| 200 | 1 | |a Методы прогнозирования финансового состояния нефтегазовой компании |f А. В. Колтышев |g науч. рук. В. Б. Романюк | |
| 203 | |a Текст |c электронный | ||
| 225 | 1 | |a Экономика минерального и углеводорного сырья. Горное право | |
| 230 | |a 1 компьютерный файл (pdf; 600 Kb) | ||
| 300 | |a Заглавие с экрана | ||
| 320 | |a [Библиогр.: с. 670 (4 назв.)] | ||
| 337 | |a Adobe Reader | ||
| 461 | 1 | |0 (RuTPU)RU\TPU\conf\12865 |t Проблемы геологии и освоения недр |o труды XIX Международного симпозиума имени академика М. А. Усова студентов и молодых ученых, посвященного 70-летнему юбилею Победы советского народа над фашистской Германией, Томск, 6-10 апреля 2015 г. |o в 2 т. |f Национальный исследовательский Томский политехнический университет (ТПУ), Институт природных ресурсов (ИПР) ; Общество инженеров-нефтяников, международная некоммерческая организация, Студенческий чаптер ; под ред. А. Ю. Дмитриева |d 2015 | |
| 463 | 1 | |0 (RuTPU)RU\TPU\conf\13350 |t Т. 2 |v [С. 664-670] | |
| 610 | 1 | |a труды учёных ТПУ | |
| 610 | 1 | |a электронный ресурс | |
| 610 | 1 | |a методы прогнозирования | |
| 610 | 1 | |a финансовое состояние | |
| 610 | 1 | |a нефтегазовые компании | |
| 700 | 1 | |a Колтышев |b А. В. | |
| 702 | 1 | |a Романюк |b В. Б. |c российский учёный в области экономики природных ресурсов |c старший преподаватель Томского политехнического университета |f 1964- |g Вера Борисовна |2 stltpush |4 727 | |
| 712 | 0 | 2 | |a Национальный исследовательский Томский политехнический университет (ТПУ) |b Институт природных ресурсов (ИПР) |b Кафедра экономики природных ресурсов (ЭПР) |h 3659 |2 stltpush |3 (RuTPU)RU\TPU\col\18668 |
| 801 | 2 | |a RU |b 63413507 |c 20210119 |g RCR | |
| 856 | 4 | |u http://earchive.tpu.ru/handle/11683/22982 | |
| 856 | 4 | |u http://www.lib.tpu.ru/fulltext/c/2015/C11/V2/303.pdf | |
| 942 | |c BK | ||